000 00648nam a2200193Ii 4500
003 JO-AjNU
008 230605s9999||||xx |||||||||||||| ||und||
040 _aJO-AjNU
_bara
_erda
_cJO-AjNU
041 _aara
050 1 4 _aPJ6101.R2 1975
100 3 _aتاليف الراجحي، عبدة,
_eauthor
_937762
245 0 0 _aدروس في كتب النحو
264 3 1 _aبيروت: دار النهضة العربية، 1975
300 _a316ص
336 _atext
_btxt
_2rdacontent
337 _aunmediated
_bn
_2rdamedia
338 _avolume
_bnc
_2rdacarrier
650 4 _aاللغة العربية-النحو-دروس في كتب النحو
_937763
999 _aA15807
_c19375
_d19375